000 00903pam a2200229 a 4500
001 3805331
005 20250708124249.0
008 850711s1985 miuab b 001 0 eng
020 _a0802836119
020 _a9780802836113
050 0 0 _aBS2330.2
_b.T45 1985
082 0 0 _a225.6/1
_219
100 1 _aTenney, Merrill C.
_q(Merrill Chapin),
_d1904-1985.
245 1 0 _aNew Testament survey /
_cby Merrill C. Tenney ; revised by Walter M. Dunnett.
250 _aRev.
260 _aGrand Rapids, Mich. :
_bW.B. Eerdmans Pub. Co. ;
_aLeicester, England :
_bInter-Varsity Press,
_cc1985.
300 _axix, 454 p. :
_bill., maps ;
_c23 cm.
700 1 _aDunnett, Walter M.
856 4 2 _3Contributor biographical information
_uhttp://www.loc.gov/catdir/enhancements/fy1606/85016030-b.html
856 4 2 _3Publisher description
_uhttp://www.loc.gov/catdir/enhancements/fy1606/85016030-d.html
942 _2ddc
_cBK
_n0
999 _c6862
_d6862